Putin... or Poutine - Statistics

General Stats
  • This quiz has been taken 203 times
    187 since last reset
  • The average score is 6 of 10
Answer Stats
Question Answer % Correct
Has been the president of Russia Putin
94%
Contains fries, cheese curds, and gravy Poutine
89%
Has assisted in spy operations Putin
82%
Is the namesake for a McDonalds menu item Poutine
78%
Contains between 500 and 1,000 calories Poutine
77%
Created in an Arctic country Both
50%
Spelled "Poutine" in some languages Both
50%
Has caused debates over cultural issues Both
49%
Created in the 1950s Both
43%
Present at the 1976 Olympic Games Poutine
21%
No matching quizzes found
Score Distribution
Percent of People with Each Score
Percentile by Number Answered
Your Score History
You have not taken this quiz since the last reset